Statistics for German verbs 2 (GER to ITA)

Click here to take the quiz!

General Stats

  • This quiz has been taken 18 times
  • The average score is 10 of 37

Answer Stats

HintAnswer% Correct
denkenpensare
100%
sagendire
71%
redenparlare
71%
fragendomandare
57%
scheinensembrare
57%
träumensognare
57%
anhaltenfermare
43%
beißenmordere
43%
bedeutensignificare
43%
verbringentrascorrere
43%
benutzenusare
43%
überquerenattraversare
29%
sich änderncambiare
29%
fehlenmancare
29%
anbietenoffrire
29%
kriegenottenere/ricevere
29%
gefallenpiacere
29%
ausmachenspegnere
29%
verkaufenvendere
29%
anmachenaccendere
14%
runterfallencadere
14%
empfehlenconsigliare
14%
tragenindossare
14%
stellenmettere/posare
14%
erlaubenpermettere
14%
erlaubenpermettere
14%
verbeitenproibire
14%
besichtigenvisitare
14%
streichelnaccarezzare
0%
mitteilencomunicare
0%
stimmenessere giusto
0%
guckenguardare
0%
sich unterhaltenintrattenersi
0%
bekommenottenere
0%
sich anmeldenregistrarsi
0%
druckenstampare
0%
sich lohnenvalere la pena
0%

Score Distribution

Percentile by Number Answered

Percent of People with Each Score

Your Score History

You have not taken this quiz